• 首页
  • 本馆介绍
  • 公告通知
  • 最新文献
  • 馆藏检索
  • 电子资源
  • 读者导购
  • 参考咨询
  • 我的图书馆
  • 登录
  • 详细信息显示
  • 放入我的书架
  • 预约/预借图书
  • 作者相关作品
  • 分类相关作品
  • 丛书相关作品
  • 出版社相关作品

书目信息

  • 表格格式
  • 工作单格式
  • 卡片格式
题名:
白宫黑玫瑰——赖斯
    
 
作者: 斯人 编著
分册:  
出版信息: 北京   中国国际广播出版社  2005
页数: 228页
开本: 23cm
丛书名:
单 册:
中图分类: K837.127=6
科图分类:
主题词: 妇女--政治家--生平事迹--美国--现代 , 政治家
电子资源:
ISBN: 7-5078-2478-0
000 00849nam0 2200253 450
001 002878536
005 20061118112134.90
010    @a7-5078-2478-0@dCNY29.00
100    @a20050416d2005 em y0chiy0110 ea
101 0  @achi
102    @aCN@b110000
105    @aa z 000yb
200 1  @a白宫黑玫瑰——赖斯@9bai gong hei mei gui — — lai si@f斯人编著
210    @a北京@c中国国际广播出版社@d2005
215    @a228页@c照片@d23cm
330    @a本书介绍了美国第一位黑人女国务卿赖斯生平,内容包括:非裔黑人的后代、望女成凤、童年的阴影、布什的竞选老师、赖斯语录等。
510 1  @aCondoleezza Rice@zeng
606 0  @a妇女@x政治家@x生平事迹@y美国@z现代
606 0  @a政治家
610 0  @a康多莉扎·赖斯(女;1954~)
690    @aK837.127=6@v4
701  0 @a斯人@9si ren@c(人物传记)@4编著
801  0 @aCN@bNLC@c20061118
905    @a10447@dK837.127=6@e522SR
    
    白宫黑玫瑰——赖斯/斯人编著.-北京:中国国际广播出版社,2005
    228页:照片;23cm
    
    
    ISBN 7-5078-2478-0:CNY29.00
    本书介绍了美国第一位黑人女国务卿赖斯生平,内容包括:非裔黑人的后代、望女成凤、童年的阴影、布什的竞选老师、赖斯语录等。
●
相关链接 在E读中查询图书 在五车中查询图书 在当当中查询图书 在豆瓣中查询图书


正题名:白宫黑玫瑰——赖斯     索取号:K837.127=6/522SR         预约/预借

序号 登录号 条形码 馆藏地/架位号 状态 备注
1 0392455   203924557   第二样本阅览室/ [索取号:K837.127=6/522SR] 在馆    
2 0392456   203924566   第二借阅区/ [索取号:K837.127=6/522SR] 在馆    
3 0392457   203924575   第二借阅区/ [索取号:K837.127=6/522SR] 在馆    
4 0392458   203924584   第二借阅区/ [索取号:K837.127=6/522SR] 在馆    
5 0392459   203924593   第二借阅区/ [索取号:K837.127=6/522SR] 在馆    
唐山师范学院图书馆 欢迎您!
大连网信软件有限公司© 版权所有